000 00451nam a2200169 i 4500
001 bg
100 1 _aGibson, John E.
245 0 _aLinear Elastic Theory of Thin Shells /
_cJ. E. Gibson.
260 _aOxford :
_bPergamon Press,
_c[1966].
300 _as. x, 182 :
_brys., tab., tabl.
504 _a[Zawiera bibliogr. s. 180].
040 _cBPK
041 _apol
080 _a539.3/.6
942 _cKS
008 s pl f |000 0 pol
999 _c26651
_d26651
856 _uhttp://koha.tu.koszalin.pl/cgi-bin/koha/opac-detail.pl?biblionumber=26651
_yKatalog online BPK